| 000 | 00933nam a22002417a 4500 | ||
|---|---|---|---|
| 999 |
_c6884 _d6884 |
||
| 003 | AR-CdUCM | ||
| 008 | 190319b ||||| |||| 00| 0 spa d | ||
| 040 |
_aMUNICIPALIDAD PROVINCIAL DEL CUSCO _cBIBLIOTECA MUNICIPAL DEL CUSCO |
||
| 082 |
_a372.210 / _bG622 |
||
| 100 |
_aGordon, George _919394 |
||
| 245 | _aTelevisión educativa / | ||
| 260 |
_aMexico : _bUteha, _c1966. |
||
| 300 |
_a228 páginas ; _c18 cm. |
||
| 440 |
_aManuales Uteha (educación) _n340 _919395 |
||
| 505 | _aContenido: estudio de la televisión educativa -- Financiamiento de la televisión educativa -- televisión educativa y difusión de servicio público -- Efectos de la televisión de servicio público... | ||
| 650 |
_aTelevisión. _919396 |
||
| 650 |
_aEnseñanza. _91616 |
||
| 650 |
_aTelevisión como enseñanza. _919397 |
||
| 650 |
_aFuturo de la televisión. _919398 |
||
| 700 |
_aMeza Nieto, Jose _97934 |
||
| 942 |
_2ddc _cLIBROS |
||
| 945 | _awfj | ||